Central Library OPAC University of Rajshahi

A study of the Constitution of Pakistan, 1962 / (Record no. 46799)

MARC details
000 -LEADER
fixed length control field 00719nam a2200241 a 4500
001 - CONTROL NUMBER
control field 46799
003 - CONTROL NUMBER IDENTIFIER
rucl marc code BD-RjUL
005 - DATE AND TIME OF LATEST TRANSACTION
control field 20211209054215.0
008 - FIXED-LENGTH DATA ELEMENTS--GENERAL INFORMATION
fixed length control field 160804s1963 pk ||||| |||| 001 0 eng d
035 ## - SYSTEM CONTROL NUMBER
System control number (BD-RjUL)46918
040 ## - CATALOGING SOURCE
Original cataloging agency BD-RjUL
Language of cataloging eng
Transcribing agency BD-RjUL
041 ## - LANGUAGE CODE
Language code of text/sound track or separate title eng
082 ## - DEWEY DECIMAL CLASSIFICATION NUMBER
Edition number 23
Author mark and year MAS 1963
100 1# - MAIN ENTRY--PERSONAL NAME
Personal name Mahmood, Shaukat
9 (RLIN) 141384
245 12 - TITLE STATEMENT
Title A study of the Constitution of Pakistan, 1962 /
Statement of responsibility, etc. Shaukat Mahmood
260 ## - PUBLICATION, DISTRIBUTION, ETC. (IMPRINT)
Place of publication, distribution, etc. Lahore :
Name of publisher, distributor, etc. Pakistan Law Times Publications,
Date of publication, distribution, etc. [1963?]
300 ## - PHYSICAL DESCRIPTION
Pagination xxi, 452 p. ;
Size 25 cm
500 ## - GENERAL NOTE
General note Includes index.
650 ## - SUBJECT ADDED ENTRY--TOPICAL TERM
Topical term or geographic name as entry element Constitutional law
9 (RLIN) 142596
Geographic subdivision Pakistan
651 ## - SUBJECT ADDED ENTRY--GEOGRAPHIC NAME
Geographic name Pakistan
General subdivision Constitutional law
9 (RLIN) 142597
Geographic name Pakistan
9 (RLIN) 142598
942 ## - ADDED ENTRY ELEMENTS (KOHA)
Source of classification or shelving scheme Dewey Decimal Classification
Koha item type Books
Holdings
Lost status Source of classification or shelving scheme Damaged status Not for loan Collection code Permanent Location Current Location Shelving location Date acquired Source of acquisition Cost, normal purchase price Total Checkouts Full call number Date last seen Copy number Koha item type
  Dewey Decimal Classification     Non-fiction Central Library, University of Rajshahi Central Library, University of Rajshahi   06/03/1963 Farooq Library 15.00   342.5491 MAS 1963 04/08/2016 C-2 Books
  Dewey Decimal Classification     Non-fiction Central Library, University of Rajshahi Central Library, University of Rajshahi   18/01/1963 Farooq Library 15.00   342.5491 MAS 1963 04/08/2016 C-3 Books